[Event "DEN-chT 1819 57th"]
[Site "Denmark"]
[Date "2019.02.24"]
[Round "7.3"]
[White "Lauridsen, Jesper Morch"]
[Black "Skousen, Nikolai"]
[Result "1-0"]
[WhiteElo "2221"]
[BlackElo "2226"]
[PlyCount "57"]
[EventDate "2018.10.27"]
[EventType "team-tourn"]
[EventRounds "9"]
[EventCountry "DEN"]
[SourceTitle "CBM 189 Extra"]
[Source "ChessBase"]
[SourceDate "2019.06.03"]
[SourceVersion "1"]
[SourceVersionDate "2019.06.03"]
[SourceQuality "1"]
[WhiteTeam "Copenhagen 68"]
[BlackTeam "Bronshoj"]
[WhiteTeamCountry "DEN"]
[BlackTeamCountry "DEN"]

1. e4 c5 2. Nf3 g6 3. d4 cxd4 4. c3 Bg7 5. cxd4 d5 6. e5 Bg4 7. Bb5+ Nc6 8. Nc3 Rc8 9. h3 Bxf3 10. Qxf3 e6 11. 0-0 Nge7 12. Bg5 h6 13. Bxc6+ Rxc6 14. Bf6 Bxf6 15. Qxf6 0-0 16. Qf4 Nf5 17. g4 Qh4 18. Ne2 Ng7 19. Kg2 Rc2 20. Ng1 Kh7 21. Rac1 Rxb2 22. Rc7 Qg5 23. Qxg5 hxg5 24. Nf3 f6 25. exf6 Rxf6 26. Rc8 Nf5 27. gxf5 gxf5 28. Rfc1 f4 29. Ne5 1-0

[Event "Taastrup Quick Weekend 28th A"]
[Site "Taastrup"]
[Date "2018.11.10"]
[Round "3"]
[White "Skousen, Nikolai"]
[Black "Rostgaard, Tobias Valentin"]
[Result "1-0"]
[WhiteElo "2234"]
[BlackElo "2372"]
[PlyCount "105"]
[EventDate "2018.11.09"]
[EventType "tourn"]
[EventRounds "5"]
[EventCountry "DEN"]
[SourceTitle "CBM 189 Extra"]
[Source "ChessBase"]
[SourceDate "2019.06.03"]
[SourceVersion "1"]
[SourceVersionDate "2019.06.03"]
[SourceQuality "1"]

1. g3 g6 2. Bg2 Bg7 3. d4 Nf6 4. Nf3 0-0 5. 0-0 d6 6. b3 Nc6 7. Bb2 Rb8 8. Nbd2 b5 9. c4 a6 10. Rc1 Bd7 11. Qc2 Nb4 12. Qb1 bxc4 13. bxc4 c5 14. dxc5 Bf5 15. Qa1 Nc2 16. Rxc2 Bxc2 17. cxd6 exd6 18. Nd4 Nd7 19. N2b3 Bxb3 20. axb3 Rb6 21. Rd1 Nc5 22. Qa2 Qf6 23. Ba1 Qg5 24. Qa5 Qd8 25. b4 Nb7 26. Qa4 Qc7 27. Bd5 Nd8 28. e3 Qe7 29. Qa5 Rb8 30. Bc3 Bxd4 31. Bxd4 Ne6 32. Bc3 Nc7 33. Bg2 Rfc8 34. Qa3 h6 35. Ba1 Kh7 36. h4 h5 37. Qd3 Rd8 38. Bc3 Rd7 39. Ra1 Qd8 40. Ra5 d5 41. cxd5 Rb5 42. Rxb5 Nxb5 43. Bb2 Qe7 44. Qb3 Rc7 45. e4 f6 46. f4 Rc8 47. Kh2 Qa7 48. Bxf6 Qb6 49. Be5 Kh6 50. d6 Qb7 51. Qe6 Rc2 52. f5 Rxg2+ 53. Kh3 1-0

[Event "DEN-chT 1819 57th"]
[Site "Denmark"]
[Date "2018.10.27"]
[Round "1"]
[White "Ahlander, Bjorn"]
[Black "Skousen, Nikolai"]
[Result "0-1"]
[WhiteElo "2433"]
[BlackElo "2226"]
[PlyCount "114"]
[EventDate "2018.10.27"]
[EventType "team-tourn"]
[EventRounds "9"]
[EventCountry "DEN"]
[SourceTitle "CBM 188 Extra"]
[Source "ChessBase"]
[SourceDate "2019.02.26"]
[SourceVersion "1"]
[SourceVersionDate "2019.02.26"]
[SourceQuality "1"]
[WhiteTeam "Koge Xtracon"]
[BlackTeam "Bronshoj"]
[WhiteTeamCountry "DEN"]
[BlackTeamCountry "DEN"]

1. d4 g6 2. c4 Bg7 3. Nf3 d6 4. Nc3 Nf6 5. e4 0-0 6. Be2 e5 7. 0-0 Nc6 8. d5 Ne7 9. Ne1 Nd7 10. Nd3 f5 11. Bd2 Nf6 12. f3 f4 13. c5 g5 14. Rc1 Ng6 15. Nb5 Rf7 16. Ba5 b6 17. cxd6 cxd6 18. Bb4 Bf8 19. Rc6 Ne8 20. a4 a6 21. Na3 Bd7 22. Qb3 Bxc6 23. dxc6 Rc8 24. Rd1 Rxc6 25. Bc3 Qc7 26. Nb4 Rxc3 27. bxc3 Qc5+ 28. Kf1 Kg7 29. Nxa6 Qc8 30. Nb4 Nf6 31. Nc4 g4 32. Nxb6 Qc5 33. N6d5 g3 34. hxg3 fxg3 35. Nd3 Qa7 36. Qb6 Qxa4 37. Nxf6 Rxf6 38. Qe3 Nf4 39. Nxf4 Rxf4 40. Rb1 Be7 41. Kg1 Bg5 42. Qb6 Rf6 43. Bd3 Qa3 44. Qb7+ Rf7 45. Qd5 Be3+ 46. Kf1 Qxc3 47. Bc4 Rf6 48. Qg8+ Kh6 49. Qc8 Bg5 50. Qh3+ Kg6 51. Bb5 Rxf3+ 52. Kg1 Qc5+ 53. Kh1 Qxb5 54. Rg1 Qf1 55. Qe6+ Rf6 56. Qg8+ Kh6 57. Qc8 Qxg1+ 0-1

[Event "EU-Cup 34th"]
[Site "Porto Carras"]
[Date "2018.10.15"]
[Round "4.1"]
[White "Ruchko, Denis"]
[Black "Skousen, Nikolai"]
[Result "1/2-1/2"]
[WhiteElo "1908"]
[BlackElo "2226"]
[PlyCount "67"]
[EventDate "2018.10.12"]
[EventType "team-swiss"]
[EventRounds "7"]
[EventCountry "GRE"]
[SourceTitle "CBM 187"]
[Source "ChessBase"]
[SourceDate "2018.12.11"]
[SourceVersion "1"]
[SourceVersionDate "2018.12.11"]
[SourceQuality "1"]
[WhiteTeam "Ballinasloe"]
[BlackTeam "Bronshoj"]
[WhiteTeamCountry "IRL"]
[BlackTeamCountry "DEN"]

1. d4 g6 2. c4 Bg7 3. Nc3 d6 4. e4 Nf6 5. Be2 0-0 6. Be3 Nbd7 7. Nf3 e5 8. 0-0 c6 9. d5 c5 10. Ne1 h6 11. Nc2 Ne8 12. a3 f5 13. exf5 gxf5 14. f3 Ndf6 15. Qd2 f4 16. Bf2 Nh7 17. b4 b6 18. Bd3 Bf6 19. a4 a5 20. bxc5 bxc5 21. Na3 Ra7 22. Rab1 Rg7 23. Kh1 Kh8 24. Ne4 Qd7 25. Rg1 Bd8 26. Nb5 Rfg8 27. Nbc3 Ng5 28. Nxg5 hxg5 29. g4 fxg3 30. Bxg3 Nf6 31. Ne4 Nh5 32. Qf2 Rf8 33. Qg2 Qe7 34. Rb8 1/2-1/2

[Event "Bronshoj Lang Weekend"]
[Site "Copenhagen"]
[Date "2018.02.18"]
[Round "6"]
[White "Skousen, Nikolai"]
[Black "Sorensen, Reto Utiger"]
[Result "1-0"]
[WhiteElo "2208"]
[BlackElo "1950"]
[PlyCount "95"]
[EventDate "2018.02.15"]
[EventType "swiss"]
[EventRounds "7"]
[EventCountry "DEN"]
[SourceTitle "CBM 183 Extra"]
[Source "ChessBase"]
[SourceDate "2018.04.19"]
[SourceVersion "1"]
[SourceVersionDate "2018.04.19"]
[SourceQuality "1"]

1. Nf3 d5 2. g3 Nf6 3. Bg2 Bf5 4. 0-0 e6 5. d3 Be7 6. Nbd2 0-0 7. Qe1 c6 8. e4 dxe4 9. dxe4 Bg6 10. Qe2 Nbd7 11. h3 Qc7 12. Nh4 Rfe8 13. a4 Nh5 14. Nxg6 hxg6 15. Nc4 Bc5 16. Be3 e5 17. Rfd1 Bxe3 18. Qxe3 Nf8 19. Bf1 Ne6 20. c3 Nf6 21. Rd2 Red8 22. a5 Rxd2 23. Nxd2 Rd8 24. Nc4 c5 25. Bg2 a6 26. Qe2 Nd7 27. Rd1 Nb8 28. Rxd8+ Qxd8 29. Nxe5 Qxa5 30. Nc4 Qa1+ 31. Kh2 Nc6 32. e5 Ncd8 33. Nd6 b5 34. Bd5 Qa5 35. Qf3 Qc7 36. Bxe6 Nxe6 37. Qa8+ Kh7 38. Qxa6 b4 39. Qc4 bxc3 40. bxc3 Qa7 41. Qd5 Kg8 42. Qc6 Kh7 43. Kg2 Nd8 44. Qc8 Ne6 45. Qe8 Qa2 46. Nxf7 Qd5+ 47. Kh2 g5 48. Qxe6 1-0

[Event "Bronshoj Lang Weekend"]
[Site "Copenhagen"]
[Date "2018.02.16"]
[Round "3"]
[White "De Blecourt, Sandra"]
[Black "Skousen, Nikolai"]
[Result "0-1"]
[WhiteElo "2081"]
[BlackElo "2208"]
[PlyCount "56"]
[EventDate "2018.02.15"]
[EventType "swiss"]
[EventRounds "7"]
[EventCountry "DEN"]
[SourceTitle "CBM 183 Extra"]
[Source "ChessBase"]
[SourceDate "2018.04.19"]
[SourceVersion "1"]
[SourceVersionDate "2018.04.19"]
[SourceQuality "1"]

1. d4 g6 2. c4 Bg7 3. Nc3 c5 4. d5 Bxc3+ 5. bxc3 f5 6. e3 Nf6 7. Bd3 Qa5 8. Ne2 d6 9. 0-0 Nbd7 10. f3 Ne5 11. Nf4 Bd7 12. Rb1 0-0-0 13. Rb3 Ba4 14. Ra3 Bxd1 15. Rxa5 Nxd3 16. Rxd1 Nxf4 17. exf4 Kb8 18. Be3 Nd7 19. Bf2 Nb6 20. Rb5 Rd7 21. Bh4 Nxc4 22. a4 Kc8 23. Kf2 Re8 24. Ke2 e6 25. dxe6 Rxe6+ 26. Kd3 Ne3 27. Re1 Nxg2 28. Rxe6 Nxf4+ 0-1

[Event "DEN-chT 1617 55th"]
[Site "Denmark"]
[Date "2017.01.29"]
[Round "6.7"]
[White "Hovmoller, Kristian"]
[Black "Skousen, Nikolai"]
[Result "1/2-1/2"]
[WhiteElo "2289"]
[BlackElo "2275"]
[PlyCount "46"]
[EventDate "2016.10.29"]
[EventType "team-tourn"]
[EventRounds "9"]
[EventCountry "DEN"]
[SourceTitle "EXT 2018"]
[Source "ChessBase"]
[SourceDate "2017.10.13"]
[SourceVersion "1"]
[SourceVersionDate "2017.10.13"]
[SourceQuality "1"]
[WhiteTeam "Philidor"]
[BlackTeam "Bronshoj"]
[WhiteTeamCountry "DEN"]
[BlackTeamCountry "DEN"]

1. d4 Nf6 2. Nf3 g6 3. g3 Bg7 4. Bg2 0-0 5. 0-0 d5 6. Nbd2 Nbd7 7. c4 c6 8. Qc2 Re8 9. Rd1 e5 10. cxd5 cxd5 11. dxe5 Nxe5 12. Nxe5 Rxe5 13. Nf3 Bf5 14. Qb3 Re6 15. Be3 Ng4 16. Rxd5 Qe8 17. Bd4 Rxe2 18. h3 Nf6 19. Re5 Rxe5 20. Bxe5 b6 21. Ng5 Rd8 22. Re1 h6 23. Bc3 Qd7 1/2-1/2

[Event "DEN-chT 1617 55th"]
[Site "Denmark"]
[Date "2017.01.07"]
[Round "4.3"]
[White "Skousen, Nikolai"]
[Black "Christensen, Thomas"]
[Result "1/2-1/2"]
[WhiteElo "2275"]
[BlackElo "2225"]
[PlyCount "103"]
[EventDate "2016.10.29"]
[EventType "team-tourn"]
[EventRounds "9"]
[EventCountry "DEN"]
[SourceTitle "EXT 2018"]
[Source "ChessBase"]
[SourceDate "2017.10.13"]
[SourceVersion "1"]
[SourceVersionDate "2017.10.13"]
[SourceQuality "1"]
[WhiteTeam "Bronshoj"]
[BlackTeam "Copenhagen 68"]
[WhiteTeamCountry "DEN"]
[BlackTeamCountry "DEN"]

1. Nf3 d5 2. b3 Nf6 3. Bb2 c6 4. e3 Bg4 5. h3 Bh5 6. d3 e6 7. Nbd2 Bc5 8. a3 0-0 9. Be2 Re8 10. 0-0 h6 11. Ne5 Bxe2 12. Qxe2 Nfd7 13. Ndf3 Nf8 14. Rad1 Qe7 15. b4 Bd6 16. c4 f6 17. Ng4 Nbd7 18. e4 a5 19. exd5 cxd5 20. cxd5 axb4 21. axb4 Bxb4 22. dxe6 Qxe6 23. Qc2 Rec8 24. Qb1 Ba5 25. Ne3 Ng6 26. d4 Nf4 27. d5 Qb6 28. Qf5 Qd6 29. Qg4 h5 30. Qxg7+ Kxg7 31. Nf5+ Kh7 32. Nxd6 Rg8 33. Nh4 Nxh3+ 34. Kh1 Nf4 35. Nxb7 Bb6 36. Nd6 Ra2 37. Nc4 Bc5 38. Bd4 Rg4 39. g3 Nh3 40. Bxc5 Rxc4 41. Be3 Rcc2 42. Kg2 Ng5 43. Rc1 Ne4 44. Rxc2 Rxc2 45. Ra1 Ne5 46. Ra7+ Kg8 47. Ra8+ Kf7 48. Ra7+ Kf8 49. Ra8+ Kf7 50. Ra7+ Kf8 51. Ra8+ Kf7 52. Ra7+ 1/2-1/2

[Event "DEN-chT 1617 55th"]
[Site "Denmark"]
[Date "2016.10.30"]
[Round "2.8"]
[White "Skousen, Nikolai"]
[Black "Jensen, Vagn"]
[Result "1-0"]
[WhiteElo "2275"]
[BlackElo "2183"]
[PlyCount "81"]
[EventDate "2016.10.29"]
[EventType "team-tourn"]
[EventRounds "9"]
[EventCountry "DEN"]
[SourceTitle "EXT 2018"]
[Source "ChessBase"]
[SourceDate "2017.10.13"]
[SourceVersion "1"]
[SourceVersionDate "2017.10.13"]
[SourceQuality "1"]
[WhiteTeam "Bronshoj"]
[BlackTeam "Aarhus/Skolerne"]
[WhiteTeamCountry "DEN"]
[BlackTeamCountry "DEN"]

1. Nf3 f5 2. c4 Nf6 3. Nc3 d6 4. d4 g6 5. e3 Bg7 6. b3 0-0 7. Bb2 c6 8. Qc2 Qc7 9. Be2 Na6 10. Rd1 Bd7 11. 0-0 Rfe8 12. a3 e5 13. dxe5 dxe5 14. b4 e4 15. Nd4 Rad8 16. c5 Nb8 17. Rd2 f4 18. exf4 Qxf4 19. Nd1 Bg4 20. Ne3 Bxe2 21. Nxe2 Qc7 22. Rxd8 Qxd8 23. Rd1 Qe7 24. Nc4 Nbd7 25. Ng3 Rf8 26. Re1 Qe6 27. Nxe4 Nxe4 28. Rxe4 Qd5 29. Bxg7 Kxg7 30. Nd6 Nf6 31. Re7+ Kg8 32. h3 b6 33. Rxa7 bxc5 34. Qxc5 Qd1+ 35. Kh2 Qd2 36. Qxc6 Nd5 37. Ne4 Qf4+ 38. Ng3 Nf6 39. Qe6+ Kh8 40. Qe7 Qh6 41. Kg1 1-0

[Event "Reykjavik op"]
[Site "Reykjavik"]
[Date "2016.03.10"]
[Round "4"]
[White "Kempen, Leon JP"]
[Black "Skousen, Nikolai"]
[Result "1/2-1/2"]
[WhiteElo "1977"]
[BlackElo "2294"]
[PlyCount "61"]
[EventDate "2016.03.08"]
[EventType "swiss"]
[EventRounds "10"]
[EventCountry "ISL"]
[SourceTitle "CBM 171 Extra"]
[Source "ChessBase"]
[SourceDate "2016.04.26"]
[SourceVersion "1"]
[SourceVersionDate "2016.04.26"]
[SourceQuality "1"]

1. d4 g6 2. c4 Bg7 3. e4 d6 4. Nc3 Nf6 5. h3 0-0 6. Be3 Nbd7 7. Nf3 e5 8. d5 Nc5 9. Qc2 a5 10. Be2 Nh5 11. g3 f5 12. Bxc5 dxc5 13. Nd2 Nf6 14. h4 f4 15. 0-0-0 fxg3 16. fxg3 Ng4 17. Bxg4 Bxg4 18. Rdf1 Qe7 19. Qd3 Bh6 20. Kc2 Rxf1 21. Rxf1 Rf8 22. Rxf8+ Qxf8 23. Qf1 Qe7 24. Qf2 Bd7 25. Nb3 b6 26. Nc1 Bg7 27. Nd3 Bf6 28. Qf3 Kg7 29. Nd1 h5 30. Ne3 Kg8 31. g4 1/2-1/2

[Event "Reykjavik op"]
[Site "Reykjavik"]
[Date "2016.03.09"]
[Round "3"]
[White "Fischer, Robert"]
[Black "Skousen, Nikolai"]
[Result "1/2-1/2"]
[WhiteElo "1993"]
[BlackElo "2294"]
[PlyCount "82"]
[EventDate "2016.03.08"]
[EventType "swiss"]
[EventRounds "10"]
[EventCountry "ISL"]
[SourceTitle "CBM 171 Extra"]
[Source "ChessBase"]
[SourceDate "2016.04.26"]
[SourceVersion "1"]
[SourceVersionDate "2016.04.26"]
[SourceQuality "1"]

1. Nf3 g6 2. g3 Bg7 3. Bg2 d5 4. d4 Nf6 5. 0-0 0-0 6. c4 dxc4 7. Na3 c3 8. bxc3 c5 9. Ne5 Nfd7 10. f4 Nxe5 11. fxe5 Nc6 12. e3 Bd7 13. Nc2 Qa5 14. Bd2 Rad8 15. Ne1 Qa6 16. Nf3 Na5 17. Ng5 Nc4 18. Bd5 Ba4 19. Bxc4 Qxc4 20. Qe1 Bc6 21. Qf2 f6 22. exf6 Bxf6 23. Nf3 Bg7 24. Qg2 Be4 25. Rf2 Qd5 26. Raf1 c4 27. g4 Rf7 28. Qg3 Bd3 29. e4 Bxe4 30. Ng5 Rxf2 31. Rxf2 Bd3 32. Qh4 h5 33. gxh5 gxh5 34. Qxh5 Rf8 35. Rxf8+ Bxf8 36. Bf4 Qf5 37. Qf3 b5 38. Qg3 Qg6 39. Ne6 Qxg3+ 40. hxg3 Be4 41. Kf2 Bd5 1/2-1/2

[Event "DEN-chT 1516 54th"]
[Site "Denmark"]
[Date "2016.01.24"]
[Round "6.6"]
[White "Ostergaard, Jens"]
[Black "Skousen, Nikolai"]
[Result "1/2-1/2"]
[WhiteElo "2254"]
[BlackElo "2225"]
[PlyCount "129"]
[EventDate "2015.10.31"]
[EventType "team-tourn"]
[EventRounds "9"]
[EventCountry "DEN"]
[SourceTitle "EXT 2018"]
[Source "ChessBase"]
[SourceDate "2017.10.13"]
[SourceVersion "1"]
[SourceVersionDate "2017.10.13"]
[SourceQuality "1"]
[WhiteTeam "Hillerod"]
[BlackTeam "Obro"]
[WhiteTeamCountry "DEN"]
[BlackTeamCountry "DEN"]

1. d4 Nf6 2. Nf3 g6 3. c4 Bg7 4. Nc3 0-0 5. e4 d6 6. Be2 Na6 7. 0-0 e5 8. Be3 Ng4 9. Bg5 Qe8 10. dxe5 dxe5 11. h3 f6 12. Bd2 Nh6 13. c5 Nxc5 14. Qc1 Nf7 15. Nd5 Ne6 16. Nxc7 Nxc7 17. Qxc7 Nd8 18. Be3 Be6 19. Rfd1 Rf7 20. Qa5 Nc6 21. Qa4 Bf8 22. Bc4 Kg7 23. Rac1 Bxc4 24. Qxc4 Rd7 25. Rd5 Rad8 26. Rcd1 Na5 27. Qc3 Nc6 28. Bh6+ Kg8 29. Rxd7 Rxd7 30. Qb3+ Rf7 31. Be3 Kg7 32. a3 b6 33. Qa4 Qe6 34. Rd5 Rd7 35. Rxd7+ Qxd7 36. Qc4 Ne7 37. Kh2 Qc6 38. Nd2 Qd7 39. b4 h5 40. Nf3 Nc8 41. Qc1 Be7 42. Qc4 Bd6 43. Qd5 Ne7 44. Qa8 Nc8 45. Qd5 Ne7 46. Qa8 Qc7 47. Qe8 Qc8 48. Qb5 Qc6 49. Qxc6 Nxc6 50. Ne1 Kf7 51. Nd3 Ke6 52. Kg1 f5 53. f3 Be7 54. Kf1 Nd8 55. Ke2 Nb7 56. Nb2 Nd6 57. Kd3 Bd8 58. Nc4 Nb7 59. a4 Be7 60. Bd2 Bd8 61. Be3 Bc7 62. Bf2 Bd8 63. Be3 Bc7 64. Bf2 Bd8 65. Be3 1/2-1/2

[Event "DEN-chT 1516 54th"]
[Site "Denmark"]
[Date "2015.12.06"]
[Round "3"]
[White "Laursen, Niels Norskov"]
[Black "Skousen, Nikolai"]
[Result "1/2-1/2"]
[WhiteElo "2316"]
[BlackElo "2225"]
[PlyCount "61"]
[EventDate "2015.10.31"]
[EventType "team-tourn"]
[EventRounds "9"]
[EventCountry "DEN"]
[SourceTitle "CBM 169 Extra"]
[Source "ChessBase"]
[SourceDate "2015.12.18"]
[SourceVersion "1"]
[SourceVersionDate "2015.12.18"]
[SourceQuality "1"]
[WhiteTeam "Bronshoj"]
[BlackTeam "Obro"]
[WhiteTeamCountry "DEN"]
[BlackTeamCountry "DEN"]

1. e4 c5 2. Nf3 Nc6 3. d4 cxd4 4. Nxd4 g6 5. Nc3 Bg7 6. Be3 Nf6 7. Bc4 0-0 8. Bb3 e6 9. 0-0 d5 10. exd5 exd5 11. h3 Re8 12. Re1 Be6 13. Qd2 Qd7 14. Kh2 Rad8 15. Rad1 Nxd4 16. Bxd4 Ne4 17. Qf4 Bxd4 18. Rxd4 Nxc3 19. bxc3 Qc6 20. Re3 Kg7 21. h4 h5 22. Rg3 b5 23. a4 a6 24. axb5 axb5 25. Qe5+ Kh7 26. Qf6 Qc7 27. Qg5 Qe7 28. Qf4 Qd6 29. Qg5 Qe7 30. Qf4 Qd6 31. Qg5 1/2-1/2

[Event "DEN-chT 1516 54th"]
[Site "Denmark"]
[Date "2015.11.01"]
[Round "2"]
[White "Skousen, Nikolai"]
[Black "Rathlev, Jakob"]
[Result "1/2-1/2"]
[WhiteElo "2225"]
[BlackElo "2240"]
[PlyCount "26"]
[EventDate "2015.10.31"]
[EventType "team-tourn"]
[EventRounds "9"]
[EventCountry "DEN"]
[SourceTitle "CBM 169 Extra"]
[Source "ChessBase"]
[SourceDate "2015.12.18"]
[SourceVersion "1"]
[SourceVersionDate "2015.12.18"]
[SourceQuality "1"]
[WhiteTeam "Obro"]
[BlackTeam "Jetsmark"]
[WhiteTeamCountry "DEN"]
[BlackTeamCountry "DEN"]

1. Nf3 d5 2. g3 Nf6 3. Bg2 c6 4. 0-0 Bg4 5. h3 Bh5 6. d3 Nbd7 7. Nbd2 e6 8. b3 Be7 9. Bb2 0-0 10. e4 a5 11. a4 Qb6 12. Qe2 Rad8 13. Kh1 Qa6 1/2-1/2

[Event "DEN-chT 1516 54th"]
[Site "Denmark"]
[Date "2015.10.31"]
[Round "1"]
[White "Skousen, Nikolai"]
[Black "Klawitter, Harald"]
[Result "1/2-1/2"]
[WhiteElo "2225"]
[BlackElo "2120"]
[PlyCount "97"]
[EventDate "2015.10.31"]
[EventType "team-tourn"]
[EventRounds "9"]
[EventCountry "DEN"]
[SourceTitle "CBM 169 Extra"]
[Source "ChessBase"]
[SourceDate "2015.12.18"]
[SourceVersion "1"]
[SourceVersionDate "2015.12.18"]
[SourceQuality "1"]
[WhiteTeam "Obro"]
[BlackTeam "Bov"]
[WhiteTeamCountry "DEN"]
[BlackTeamCountry "DEN"]

1. Nf3 Nf6 2. g3 c5 3. Bg2 Nc6 4. 0-0 g6 5. c4 Bg7 6. Nc3 0-0 7. d4 cxd4 8. Nxd4 Nxd4 9. Qxd4 d6 10. Qh4 Qb6 11. b3 Re8 12. Bg5 Be6 13. Rac1 Rac8 14. h3 a6 15. Rfd1 Qc7 16. g4 Rb8 17. Bh6 Bh8 18. Qg3 Qa5 19. Bd2 Qc7 20. c5 Qxc5 21. Nd5 Nxd5 22. Rxc5 dxc5 23. Ba5 b6 24. Bxd5 Bxd5 25. Rxd5 bxa5 26. Qc7 a4 27. Qxc5 axb3 28. axb3 Rxb3 29. Qc6 Rf8 30. Qxa6 e6 31. Rd7 Rxh3 32. f3 h5 33. gxh5 Rxh5 34. Kg2 Bg7 35. Qd3 Rg5+ 36. Kf2 Rh5 37. Rd8 Rh2+ 38. Kg3 Rh5 39. Rxf8+ Bxf8 40. Qd8 Rd5 41. Qa8 Rg5+ 42. Kf2 Rh5 43. Ke3 Re5+ 44. Kd3 Rd5+ 45. Kc2 Rc5+ 46. Kd3 Rh5 47. Kc4 Rd5 48. Kc3 Kg7 49. Kc2 1/2-1/2

[Event "Odense-chC"]
[Site "Odense"]
[Date "2015.10.11"]
[Round "5"]
[White "Skousen, Nikolai"]
[Black "Hoiberg, Nina"]
[Result "1/2-1/2"]
[WhiteElo "2225"]
[BlackElo "2213"]
[PlyCount "82"]
[EventDate "2015.10.09"]
[EventType "tourn"]
[EventRounds "5"]
[EventCountry "DEN"]
[SourceTitle "EXT 2018"]
[Source "ChessBase"]
[SourceDate "2017.10.13"]
[SourceVersion "1"]
[SourceVersionDate "2017.10.13"]
[SourceQuality "1"]

1. Nf3 Nf6 2. g3 d6 3. Bg2 c6 4. c4 e5 5. d3 Be7 6. Nc3 Nbd7 7. 0-0 Qc7 8. Rb1 b6 9. b4 Bb7 10. e4 0-0 11. Nh4 g6 12. f4 exf4 13. gxf4 Nh5 14. Nf5 Bf6 15. Bb2 Kh8 16. Kh1 Ng7 17. Ne3 Ne8 18. d4 Bg7 19. e5 dxe5 20. fxe5 f5 21. e6 Ndf6 22. d5 Rd8 23. Qf3 cxd5 24. Ncxd5 Bxd5 25. cxd5 Nd6 26. Rbc1 Qe7 27. Rc2 Rc8 28. Rfc1 Nfe4 29. Bxg7+ Kxg7 30. Qe2 Rxc2 31. Rxc2 Rc8 32. Bxe4 fxe4 33. Rxc8 Nxc8 34. Qc4 Nd6 35. Qc3+ Qf6 36. Qxf6+ Kxf6 37. Kg2 Ke5 38. Kf2 g5 39. Ke2 h5 40. Kf2 b5 41. Ke2 Ne8 1/2-1/2

[Event "Copenhagen Whitsun IM"]
[Site "Copenhagen"]
[Date "2014.06.06"]
[Round "7"]
[White "Skousen, Nikolai"]
[Black "Carstensen, Jacob"]
[Result "0-1"]
[WhiteElo "2167"]
[BlackElo "2383"]
[PlyCount "92"]
[EventDate "2014.06.03"]
[EventType "tourn"]
[EventRounds "9"]
[EventCountry "DEN"]
[EventCategory "3"]
[SourceTitle "CBM 160 Extra"]
[Source "ChessBase"]
[SourceDate "2014.07.01"]
[SourceVersion "1"]
[SourceVersionDate "2014.07.01"]
[SourceQuality "1"]

1. Nf3 Nf6 2. g3 d5 3. Bg2 c6 4. 0-0 Bf5 5. c4 e6 6. d3 h6 7. Qb3 Qb6 8. Nc3 Nbd7 9. cxd5 Qxb3 10. axb3 exd5 11. e4 Be6 12. Nd4 Bc5 13. exd5 Bxd4 14. dxe6 fxe6 15. b4 Nd5 16. b5 Nc5 17. bxc6 bxc6 18. Ne2 Bf6 19. d4 Nd3 20. Ra6 Kd7 21. Be3 Rhb8 22. Nc3 Rxb2 23. Na4 Rb3 24. Ra1 Kc7 25. Be4 N3b4 26. Nc5 Nxa6 27. Nxb3 Kb6 28. Nc5 Nxc5 29. dxc5+ Kc7 30. Ra6 Bc3 31. Kf1 Kb7 32. Ra2 a5 33. Bc1 Kc7 34. Re2 a4 35. Bb1 Kd7 36. f4 Bd4 37. Ba2 Bxc5 38. Bb2 Bf8 39. Be5 a3 40. Ke1 g5 41. fxg5 hxg5 42. h4 Bd6 43. hxg5 Bxe5 44. Rxe5 Nc3 45. Bxe6+ Kd6 46. Re3 Nd5 0-1

[Event "Copenhagen Whitsun IM"]
[Site "Copenhagen"]
[Date "2014.06.05"]
[Round "4"]
[White "Hansen, Soren Bech"]
[Black "Skousen, Nikolai"]
[Result "1/2-1/2"]
[WhiteElo "2325"]
[BlackElo "2167"]
[PlyCount "87"]
[EventDate "2014.06.03"]
[EventType "tourn"]
[EventRounds "9"]
[EventCountry "DEN"]
[EventCategory "3"]
[SourceTitle "CBM 160 Extra"]
[Source "ChessBase"]
[SourceDate "2014.07.01"]
[SourceVersion "1"]
[SourceVersionDate "2014.07.01"]
[SourceQuality "1"]

1. e4 c5 2. Nf3 g6 3. Bc4 Bg7 4. c3 e6 5. d4 cxd4 6. Nxd4 a6 7. 0-0 Ne7 8. Bg5 b5 9. Bb3 Nbc6 10. Nxc6 dxc6 11. Qf3 0-0 12. Bf6 Bxf6 13. Qxf6 c5 14. Rd1 Qc7 15. Nd2 c4 16. Bc2 Bb7 17. h4 Nc6 18. Nf3 Rad8 19. e5 Rxd1+ 20. Rxd1 Rd8 21. Rxd8+ Qxd8 22. Qf4 Qe7 23. h5 Nb8 24. Ng5 Nd7 25. hxg6 hxg6 26. Be4 Bd5 27. Nf3 Kg7 28. Bxd5 exd5 29. Qd4 Qe6 30. g3 f6 31. exf6+ Nxf6 32. Ne5 Kh6 33. g4 Ne4 34. f3 Nf6 35. Kg2 g5 36. Kh3 Nh5 37. Kh2 Nf4 38. Qe3 a5 39. a3 b4 40. axb4 axb4 41. cxb4 Ng6 42. Nxc4 Qf6 43. Nd2 Qxb2 44. Qd3 1/2-1/2

[Event "Copenhagen Cand op"]
[Site "Copenhagen"]
[Date "2013.04.27"]
[Round "7"]
[White "Ochsner, Bjorn Moller"]
[Black "Skousen, Nikolai"]
[Result "1-0"]
[WhiteElo "2347"]
[BlackElo "2192"]
[PlyCount "153"]
[EventDate "2013.04.24"]
[EventType "swiss"]
[EventRounds "9"]
[EventCountry "DEN"]
[SourceTitle "EXT 2015"]
[Source "ChessBase"]
[SourceDate "2014.11.20"]
[SourceVersion "1"]
[SourceVersionDate "2014.11.20"]
[SourceQuality "1"]

1. e4 c5 2. Nf3 g6 3. d4 cxd4 4. Nxd4 Nc6 5. Nc3 Bg7 6. Be3 Nf6 7. Bc4 0-0 8. Bb3 a5 9. 0-0 Nxd4 10. Bxd4 d6 11. a4 Bd7 12. Qd2 Bc6 13. Bd5 e6 14. Bxc6 bxc6 15. Rad1 Rb8 16. b3 Qc7 17. Rfe1 Rfd8 18. Qe2 e5 19. Be3 h6 20. Qf3 Kh7 21. Re2 d5 22. Bd2 dxe4 23. Nxe4 Nxe4 24. Rxe4 Rd5 25. Bc3 f5 26. Rc4 e4 27. Qe2 Rbd8 28. Rxd5 Rxd5 29. g3 Qd7 30. Bxg7 Kxg7 31. Kg2 h5 32. h4 c5 33. Qe3 Qc6 34. Kh2 Kh7 35. c3 Qd6 36. Kg2 Rd2 37. b4 f4 38. gxf4 Qe6 39. Rxe4 Qg4+ 40. Qg3 Qxg3+ 41. Kxg3 Rd3+ 42. f3 cxb4 43. cxb4 axb4 44. Rxb4 Kg7 45. a5 Ra3 46. Rb7+ Kf6 47. Ra7 Ra4 48. a6 Ra2 49. Ra8 Ra4 50. Kf2 Ra3 51. f5 gxf5 52. a7 Kg7 53. Ke2 f4 54. Kd2 Kh7 55. Kc2 Kg7 56. Kb2 Ra4 57. Kb3 Ra5 58. Kb4 Ra1 59. Kc4 Ra4+ 60. Kd5 Ra5+ 61. Ke4 Ra4+ 62. Kf5 Kh7 63. Kg5 Kg7 64. Kxh5 Kh7 65. Kg4 Kg7 66. h5 Kh7 67. h6 Ra6 68. Kxf4 Ra4+ 69. Ke3 Ra3+ 70. Kd4 Ra4+ 71. Kc3 Ra3+ 72. Kb4 Ra1 73. f4 Rb1+ 74. Kc3 Ra1 75. f5 Ra6 76. f6 Ra4 77. f7 1-0